[Event "SA-2013-0-00357"]
[Site "LSS email"]
[Date "2013.07.30"]
[Round "?"]
[White "Husemann, Andreas"]
[Black "Ortiz, Eric"]
[Result "1/2-1/2"]
[WhiteElo "2077"]
[BlackElo "2084"]
[PlyCount "40"]
[EventDate "2013.06.20"]
[EventType "tourn (corr)"]
[EventRounds "6"]
[EventCountry "GER"]
[SourceTitle "Telechess CBM 167"]
[Source "ChessBase"]
[SourceDate "2015.07.13"]
[SourceVersion "1"]
[SourceVersionDate "2015.07.13"]
[SourceQuality "1"]

1. d4 Nf6 2. c4 e6 3. Nc3 Bb4 4. Qc2 0-0 5. a3 Bxc3+ 6. Qxc3 b6 7. Bg5 Bb7 8. f3 h6 9. Bh4 d5 10. e3 Nbd7 11. cxd5 Nxd5 12. Bxd8 Nxc3 13. Bh4 Nd5 14. Bf2 c5 15. Bb5 Rfd8 16. e4 Ne7 17. Ne2 cxd4 18. Nxd4 a6 19. Be2 Rac8 20. Nb3 Ng6 1/2-1/2

[Event "SA-2013-0-00357"]
[Site "LSS email"]
[Date "2013.07.30"]
[Round "?"]
[White "Ilyin, Igor"]
[Black "Ortiz, Eric"]
[Result "0-1"]
[WhiteElo "2150"]
[BlackElo "2139"]
[PlyCount "30"]
[EventDate "2013.06.20"]
[EventType "tourn (corr)"]
[EventRounds "6"]
[EventCountry "GER"]
[SourceTitle "Corr 2022"]
[Source "ChessBase"]
[SourceDate "2021.10.24"]
[SourceVersion "1"]
[SourceVersionDate "2021.10.24"]
[SourceQuality "1"]

1. e4 c6 2. d4 d5 3. e5 Bf5 4. Nf3 e6 5. Be2 Ne7 6. 0-0 Nd7 7. Nh4 c5 8. c4 dxc4 9. Na3 Bd3 10. Bg5 Qb8 11. Nxc4 Bxc4 12. Bxc4 cxd4 13. Nf3 Nc6 14. Bb5 Bc5 15. Rc1 0-0 0-1

[Event "SA-2013-0-00357"]
[Site "LSS email"]
[Date "2013.07.30"]
[Round "?"]
[White "Ortiz, Eric"]
[Black "Bellanger, Michel"]
[Result "1-0"]
[WhiteElo "2084"]
[BlackElo "1968"]
[PlyCount "103"]
[EventDate "2013.06.20"]
[EventType "tourn (corr)"]
[EventRounds "6"]
[EventCountry "GER"]
[SourceTitle "Telechess CBM 167"]
[Source "ChessBase"]
[SourceDate "2015.07.13"]
[SourceVersion "1"]
[SourceVersionDate "2015.07.13"]
[SourceQuality "1"]

1. d4 d5 2. c4 e6 3. Nc3 a6 4. cxd5 exd5 5. Nf3 Nf6 6. Bg5 Be6 7. e3 Bd6 8. Bd3 0-0 9. 0-0 Nbd7 10. h3 c6 11. Qd2 Qc7 12. Bf4 Rfe8 13. Bxd6 Qxd6 14. Rac1 h6 15. a3 Rac8 16. Rfd1 Rc7 17. Bb1 Rec8 18. Qe2 b5 19. Na2 c5 20. dxc5 Nxc5 21. Nd4 Bd7 22. Nf5 Qe5 23. f4 Qe6 24. Nb4 Nce4 25. Nd4 Qd6 26. Rxc7 Rxc7 27. Qf3 Rc8 28. Ne2 Re8 29. Rd4 Nc5 30. Nc3 Ne6 31. Rd1 Nc7 32. Ncxd5 Ncxd5 33. Nxd5 Bc6 34. Nxf6+ Qxf6 35. Qf2 Qe6 36. Rc1 Qd6 37. Kh2 g6 38. Rc3 Be4 39. Bxe4 Rxe4 40. Qc2 Re8 41. Rc6 Qd7 42. Qc3 a5 43. Qf6 h5 44. e4 Rxe4 45. Rd6 Re6 46. Qxe6 Qxe6 47. Rxe6 fxe6 48. Kg3 Kf7 49. Kf3 Kf6 50. Ke4 h4 51. b4 a4 52. Kd4 1-0

[Event "LSS No Engine Cup 92 Preliminary 0"]
[Site "LSS email"]
[Date "2013.07.27"]
[Round "?"]
[White "Hogan, Bernardo"]
[Black "Ortiz, Eric"]
[Result "0-1"]
[WhiteElo "1712"]
[BlackElo "1600"]
[PlyCount "94"]
[EventDate "2013.07.28"]
[EventType "tourn (corr)"]
[EventRounds "6"]
[EventCountry "GER"]
[SourceTitle "Corr 2022"]
[Source "ChessBase"]
[SourceDate "2021.10.24"]
[SourceVersion "1"]
[SourceVersionDate "2021.10.24"]
[SourceQuality "1"]

1. d4 Nf6 2. c4 e6 3. Nc3 Bb4 4. Qc2 0-0 5. Nf3 d6 6. Bg5 Nbd7 7. e3 b6 8. Bd3 h6 9. Bh4 Bb7 10. e4 e5 11. d5 Bxc3+ 12. Qxc3 c6 13. Nd2 cxd5 14. exd5 Nxd5 15. Bxd8 Nxc3 16. Be7 Rfe8 17. Bxd6 e4 18. Be2 e3 19. bxc3 exd2+ 20. Kxd2 Nf6 21. Bf4 Ne4+ 22. Ke1 Nxc3 23. Be3 f5 24. Bh5 Re5 25. f4 Re6 26. Kf2 g6 27. Bf3 Bxf3 28. gxf3 Rd8 29. a4 Rd3 30. Rhe1 a5 31. c5 bxc5 32. Bxc5 Rd2+ 33. Kf1 Rxe1+ 34. Kxe1 Rxh2 35. Ra3 Nd5 36. Bd6 Kf7 37. Rb3 Ke6 38. Be5 Ra2 39. Rb8 Rxa4 40. Re8+ Kf7 41. Ra8 Nxf4 42. Rxa5 Rxa5 43. Bxf4 g5 44. Bd2 Ra2 45. f4 Rxd2 46. Kxd2 Ke6 47. Ke3 Kd5 0-1

[Event "LSS No Engine Cup 92 Preliminary 0"]
[Site "LSS email"]
[Date "2013.07.27"]
[Round "?"]
[White "Ortiz, Eric"]
[Black "Evtyugin, Yury Alekseevich"]
[Result "1-0"]
[WhiteElo "1600"]
[BlackElo "1464"]
[PlyCount "51"]
[EventDate "2013.07.28"]
[EventType "tourn (corr)"]
[EventRounds "6"]
[EventCountry "GER"]
[SourceTitle "Corr 2022"]
[Source "ChessBase"]
[SourceDate "2021.10.24"]
[SourceVersion "1"]
[SourceVersionDate "2021.10.24"]
[SourceQuality "1"]

1. d4 d5 2. c4 e6 3. Nc3 Nf6 4. cxd5 Nxd5 5. e4 Nf6 6. Nf3 h6 7. Bd3 Be7 8. 0-0 a6 9. Be3 Bd7 10. Rc1 Nc6 11. a3 Ng4 12. Bf4 Bg5 13. Bxg5 hxg5 14. h3 Nh6 15. d5 exd5 16. exd5 Na7 17. Re1+ Kf8 18. Ne5 Bf5 19. Bxf5 Nxf5 20. Qf3 Nh6 21. Ng6+ Kg8 22. Nxh8 Kxh8 23. Re5 Qf6 24. Qxf6 gxf6 25. Re7 Rc8 26. Ne4 1-0

[Event "SA-2013-0-00351"]
[Site "LSS email"]
[Date "2013.06.16"]
[Round "?"]
[White "Krol, Wladyslaw"]
[Black "Ortiz, Eric"]
[Result "1/2-1/2"]
[WhiteElo "1884"]
[BlackElo "2054"]
[PlyCount "38"]
[EventDate "2013.05.24"]
[EventType "tourn (corr)"]
[EventRounds "6"]
[EventCountry "GER"]
[SourceTitle "Corr 2015"]
[Source "ChessBase"]
[SourceDate "2015.07.17"]
[SourceVersion "1"]
[SourceVersionDate "2015.07.17"]
[SourceQuality "1"]

1. e4 Nf6 2. Nc3 d5 3. exd5 Nxd5 4. Bc4 Nb6 5. Bb3 Nc6 6. Qf3 e6 7. Nge2 Be7 8. d3 0-0 9. Be3 a5 10. a4 Ne5 11. Qg3 Ng6 12. Bxb6 cxb6 13. d4 Bd7 14. 0-0 Qb8 15. Qe3 Bc6 16. Rfd1 Rd8 17. g3 Bf8 18. Rd3 Rd7 19. h4 Qe8 1/2-1/2

[Event "SA-2013-0-00351"]
[Site "LSS email"]
[Date "2013.06.16"]
[Round "?"]
[White "Ortiz, Eric"]
[Black "Avellan, Gerardo"]
[Result "1/2-1/2"]
[WhiteElo "2054"]
[BlackElo "2033"]
[PlyCount "34"]
[EventDate "2013.05.24"]
[EventType "tourn (corr)"]
[EventRounds "6"]
[EventCountry "GER"]
[SourceTitle "Corr 2015"]
[Source "ChessBase"]
[SourceDate "2015.07.17"]
[SourceVersion "1"]
[SourceVersionDate "2015.07.17"]
[SourceQuality "1"]

1. e4 c5 2. c3 d5 3. exd5 Qxd5 4. d4 Nc6 5. Nf3 Nf6 6. Be2 cxd4 7. cxd4 Qd6 8. Nc3 e6 9. Bg5 Be7 10. 0-0 0-0 11. Rc1 h6 12. Be3 b6 13. Qd2 Bb7 14. Bf4 Qd8 15. Rfd1 Re8 16. Ne5 Nxe5 17. Bxe5 Rc8 1/2-1/2

[Event "SA-2013-0-00351"]
[Site "LSS email"]
[Date "2013.06.16"]
[Round "?"]
[White "Van Bommel, Ton"]
[Black "Ortiz, Eric"]
[Result "1/2-1/2"]
[WhiteElo "1841"]
[BlackElo "2054"]
[PlyCount "66"]
[EventDate "2013.05.24"]
[EventType "tourn (corr)"]
[EventRounds "6"]
[EventCountry "GER"]
[SourceTitle "Corr 2015"]
[Source "ChessBase"]
[SourceDate "2015.07.17"]
[SourceVersion "1"]
[SourceVersionDate "2015.07.17"]
[SourceQuality "1"]

1. e4 Nf6 2. e5 Nd5 3. d4 d6 4. Nf3 g6 5. c4 Nb6 6. exd6 cxd6 7. Be2 Bg7 8. h3 0-0 9. Nc3 Nc6 10. 0-0 Bf5 11. Re1 Re8 12. g4 Bc8 13. a4 Nd7 14. Bg5 b6 15. Nb5 h6 16. Be3 Bb7 17. d5 Nce5 18. Nxe5 Bxe5 19. Ra2 Bg7 20. Nd4 Rc8 21. b3 Nc5 22. b4 Ne4 23. Qd3 Ng5 24. Nb5 Ba6 25. f4 Nxh3+ 26. Kg2 e6 27. dxe6 Rxe6 28. Kxh3 Rxc4 29. Qd2 Bxb5 30. axb5 Bc3 31. Bxc4 Bxd2 32. Rxd2 Re7 33. Kg3 Qc8 1/2-1/2

[Event "SA-2012-0-00252"]
[Site "LSS email"]
[Date "2012.03.19"]
[Round "?"]
[White "Buczinski, Henryk"]
[Black "Ortiz, Eric"]
[Result "1/2-1/2"]
[WhiteElo "2169"]
[BlackElo "2090"]
[PlyCount "69"]
[EventDate "2012.02.17"]
[EventType "tourn (corr)"]
[EventRounds "6"]
[EventCountry "GER"]
[SourceTitle "Telechess CBM 165"]
[Source "ChessBase"]
[SourceDate "2015.03.11"]
[SourceVersion "1"]
[SourceVersionDate "2015.03.11"]
[SourceQuality "1"]

1. e4 c6 2. d4 d5 3. Nc3 dxe4 4. Nxe4 Nd7 5. Nf3 Ngf6 6. Nc3 e6 7. Bf4 Be7 8. Be2 b6 9. h3 Bb7 10. 0-0 0-0 11. Qd3 c5 12. Rad1 cxd4 13. Qxd4 Bc5 14. Qd3 Qe7 15. Bd6 Qxd6 16. Qxd6 Bxd6 17. Rxd6 Rfd8 18. Rfd1 Kf8 19. R6d4 Rac8 20. Ne1 Ke7 21. Nb5 Ba6 22. a4 Nb8 23. Rxd8 Rxd8 24. Rxd8 Kxd8 25. f4 Nbd7 26. Kf2 Nc5 27. Nc3 Nfe4+ 28. Nxe4 Nxe4+ 29. Ke3 Bxe2 30. Kxe2 Kc7 31. Nf3 Kd6 32. Ke3 Nc5 33. b3 f6 34. Nd2 Kd5 35. Nb1 1/2-1/2

[Event "WC-2011-F-00006"]
[Site "LSS email"]
[Date "2011.11.23"]
[Round "?"]
[White "Kulczycki, Michael"]
[Black "Ortiz, Eric"]
[Result "0-1"]
[WhiteElo "1914"]
[BlackElo "2090"]
[PlyCount "68"]
[EventDate "2011.12.01"]
[EventType "tourn (corr)"]
[EventRounds "14"]
[EventCountry "GER"]
[SourceTitle "Telechess CBM 163"]
[Source "ChessBase"]
[SourceDate "2014.11.11"]
[SourceVersion "2"]
[SourceVersionDate "2014.11.11"]
[SourceQuality "1"]

1. c4 Nf6 2. Nc3 e6 3. d4 Bb4 4. e3 0-0 5. Bd3 c5 6. Nf3 d5 7. 0-0 dxc4 8. Bxc4 Nc6 9. a3 Ba5 10. Qd3 a6 11. Rd1 b5 12. Ba2 c4 13. Qe2 Ne7 14. e4 Ng6 15. Bb1 Bb7 16. Bc2 h6 17. Ne5 Nxe5 18. dxe5 Nd7 19. Be3 Qc7 20. f4 Nc5 21. Bf2 Nb3 22. Bxb3 cxb3 23. Bd4 Rac8 24. Rac1 Ba8 25. Kf2 Qb7 26. Kg3 Rfd8 27. Rd3 Rc4 28. Rcd1 Kh7 29. R1d2 b4 30. axb4 Bxb4 31. Be3 Rdc8 32. Rd7 R4c7 33. Rxc7 Rxc7 34. Bd4 Bxc3 0-1

[Event "WC-2011-F-00006"]
[Site "LSS email"]
[Date "2011.11.23"]
[Round "?"]
[White "Ortiz, Eric"]
[Black "Janosi, Ervin"]
[Result "1/2-1/2"]
[WhiteElo "2090"]
[BlackElo "2102"]
[PlyCount "59"]
[EventDate "2011.12.01"]
[EventType "tourn (corr)"]
[EventRounds "14"]
[EventCountry "GER"]
[SourceTitle "Telechess CBM 163"]
[Source "ChessBase"]
[SourceDate "2014.11.11"]
[SourceVersion "2"]
[SourceVersionDate "2014.11.11"]
[SourceQuality "1"]

1. d4 Nf6 2. c4 e6 3. Nc3 Bb4 4. Qc2 0-0 5. a3 Bxc3+ 6. Qxc3 b6 7. g3 Bb7 8. Nf3 a5 9. b3 Nc6 10. Bg2 Ne7 11. 0-0 h6 12. Bb2 d6 13. Rac1 Re8 14. Bh3 Ng6 15. Rfd1 Qe7 16. Nd2 e5 17. d5 Bc8 18. Bg2 Bf5 19. e4 Bg4 20. f3 Bc8 21. Qe3 Bd7 22. Rc2 Qd8 23. Nb1 Qc8 24. Nc3 Bh3 25. Nb5 Bxg2 26. Kxg2 Qd7 27. Qd3 Rf8 28. Rf1 Nh5 29. Kg1 Nf6 30. a4 1/2-1/2

[Event "WC-2011-F-00006"]
[Site "LSS email"]
[Date "2011.11.23"]
[Round "?"]
[White "Ortiz, Eric"]
[Black "Moskalenko, Eduard"]
[Result "1/2-1/2"]
[WhiteElo "2090"]
[BlackElo "2109"]
[PlyCount "35"]
[EventDate "2011.12.01"]
[EventType "tourn (corr)"]
[EventRounds "14"]
[EventCountry "GER"]
[SourceTitle "Corr 2015"]
[Source "ChessBase"]
[SourceDate "2015.07.17"]
[SourceVersion "1"]
[SourceVersionDate "2015.07.17"]
[SourceQuality "1"]

1. d4 d5 2. c4 c6 3. cxd5 cxd5 4. Nf3 Nf6 5. Nc3 Nc6 6. Bf4 Bf5 7. e3 e6 8. Bb5 Nd7 9. Qa4 Rc8 10. 0-0 a6 11. Bxc6 Rxc6 12. Rfc1 Be7 13. Ne2 Qb6 14. Rxc6 bxc6 15. Rc1 Bd3 16. Qd1 Bxe2 17. Qxe2 0-0 18. h3 1/2-1/2

[Event "SA-2011-0-00218"]
[Site "LSS email"]
[Date "2011.10.04"]
[Round "?"]
[White "Daanen, Aard"]
[Black "Ortiz, Eric"]
[Result "1-0"]
[WhiteElo "2191"]
[BlackElo "2068"]
[PlyCount "55"]
[EventDate "2011.09.08"]
[EventType "tourn (corr)"]
[EventRounds "6"]
[EventCountry "GER"]
[SourceTitle "Telechess CBM 157"]
[Source "ChessBase"]
[SourceDate "2013.11.12"]
[SourceVersion "1"]
[SourceVersionDate "2013.11.12"]
[SourceQuality "1"]

1. e4 e6 2. d4 c5 3. d5 d6 4. Nc3 Nf6 5. Bb5+ Nbd7 6. dxe6 fxe6 7. Nf3 a6 8. Bc4 Nb6 9. Be2 Be7 10. a4 d5 11. e5 Nfd7 12. a5 d4 13. Ne4 Nd5 14. c3 dxc3 15. Bc4 Nb8 16. bxc3 0-0 17. 0-0 Nc6 18. Qd3 Rf5 19. Rd1 Nxe5 20. Nxe5 Rxe5 21. Ng3 Qf8 22. Bd2 Qf7 23. Rab1 h5 24. f4 Nxf4 25. Bxf4 Qxf4 26. Rf1 Qg5 27. h4 Qxh4 28. Qg6 1-0

[Event "SA-2011-0-00218"]
[Site "LSS email"]
[Date "2011.10.04"]
[Round "?"]
[White "Ortiz, Eric"]
[Black "Schmitz, Martin"]
[Result "1/2-1/2"]
[WhiteElo "2068"]
[BlackElo "2108"]
[PlyCount "50"]
[EventDate "2011.09.08"]
[EventType "tourn (corr)"]
[EventRounds "6"]
[EventCountry "GER"]
[SourceTitle "Telechess CBM 155"]
[Source "ChessBase"]
[SourceDate "2013.07.16"]
[SourceVersion "1"]
[SourceVersionDate "2013.07.16"]
[SourceQuality "1"]

1. d4 Nf6 2. c4 e6 3. Nc3 Bb4 4. Qc2 c5 5. dxc5 0-0 6. a3 Bxc5 7. Nf3 Qc7 8. Bg5 Be7 9. e3 d6 10. Bd3 h6 11. Bh4 a6 12. 0-0 Nbd7 13. Rfd1 Re8 14. Rac1 b6 15. Qe2 Bb7 16. Nd2 Ne5 17. Bb1 Rac8 18. b3 Qb8 19. f4 Ned7 20. e4 e5 21. f5 Rc7 22. a4 Rec8 23. Bf2 Qa8 24. h3 Nc5 25. Re1 Bc6 1/2-1/2

[Event "SA-2011-0-00218"]
[Site "LSS email"]
[Date "2011.10.04"]
[Round "?"]
[White "Ortiz, Eric"]
[Black "Sorcinelli, Andrea"]
[Result "1/2-1/2"]
[WhiteElo "2068"]
[BlackElo "2124"]
[PlyCount "43"]
[EventDate "2011.09.08"]
[EventType "tourn (corr)"]
[EventRounds "6"]
[EventCountry "GER"]
[SourceTitle "Telechess CBM 155"]
[Source "ChessBase"]
[SourceDate "2013.07.16"]
[SourceVersion "1"]
[SourceVersionDate "2013.07.16"]
[SourceQuality "1"]

1. d4 d5 2. c4 dxc4 3. e4 e5 4. Nf3 exd4 5. Bxc4 Nc6 6. 0-0 Be6 7. Bb5 Bc5 8. b4 Bb6 9. Bxc6+ bxc6 10. Bb2 Nf6 11. Nxd4 0-0 12. Nxc6 Qxd1 13. Rxd1 Nxe4 14. Bd4 Rfe8 15. a4 a6 16. h3 h6 17. a5 Bxd4 18. Rxd4 Nd6 19. Na3 Bb3 20. Rd2 Ba4 21. Rc1 Ne4 22. Rb2 1/2-1/2

[Event "WC-2015-P-00009"]
[Site "LSS email"]
[Date "2011.02.20"]
[Round "?"]
[White "Evtushenko, Sergey Aleksandrovi"]
[Black "Ortiz, Eric"]
[Result "1-0"]
[WhiteElo "2204"]
[BlackElo "2038"]
[PlyCount "64"]
[EventDate "2011.02.24"]
[EventType "tourn (corr)"]
[EventRounds "6"]
[EventCountry "GER"]
[SourceTitle "Telechess CBM 151"]
[Source "ChessBase"]
[SourceDate "2012.11.13"]
[SourceVersion "1"]
[SourceVersionDate "2012.11.13"]
[SourceQuality "1"]

1. e4 c5 2. Nf3 d6 3. d4 cxd4 4. Nxd4 Nf6 5. Nc3 a6 6. h3 e6 7. g4 Be7 8. Be3 b5 9. g5 Nfd7 10. a3 Bb7 11. Qd2 Nc6 12. h4 Na5 13. f4 Nc5 14. Qg2 Rc8 15. Rh3 0-0 16. f5 e5 17. Nde2 Nc4 18. f6 Nxb2 19. fxe7 Qxe7 20. Ng3 f5 21. gxf6 Qxf6 22. Be2 Kh8 23. Nh5 Qe7 24. Rb1 Nba4 25. Nd5 Bxd5 26. exd5 Rf7 27. Rb4 Nb6 28. Rg4 Rg8 29. Bh6 Ncd7 30. Bxg7+ Rfxg7 31. Nxg7 Rxg7 32. Rxg7 Qxg7 1-0

[Event "WC-2015-P-00009"]
[Site "LSS email"]
[Date "2011.02.20"]
[Round "?"]
[White "Ortiz, Eric"]
[Black "Gasanov, Engels G"]
[Result "1/2-1/2"]
[WhiteElo "2038"]
[BlackElo "1945"]
[PlyCount "42"]
[EventDate "2011.02.24"]
[EventType "tourn (corr)"]
[EventRounds "6"]
[EventCountry "GER"]
[SourceTitle "Telechess CBM 151"]
[Source "ChessBase"]
[SourceDate "2012.11.13"]
[SourceVersion "1"]
[SourceVersionDate "2012.11.13"]
[SourceQuality "1"]

1. e4 e5 2. Nf3 Nc6 3. Bb5 a6 4. Ba4 Nf6 5. 0-0 Be7 6. Re1 b5 7. Bb3 0-0 8. h3 d6 9. c3 Bb7 10. d4 Re8 11. Nbd2 Bf8 12. a4 h6 13. d5 Nb8 14. Bc2 c6 15. dxc6 Nxc6 16. Nf1 b4 17. c4 Nb8 18. N3h2 Nbd7 19. Ng4 Nc5 20. Nxf6+ Qxf6 21. a5 b3 1/2-1/2

[Event "WC-2015-P-00009"]
[Site "LSS email"]
[Date "2011.02.20"]
[Round "?"]
[White "Ortiz, Eric"]
[Black "Paluch, Andrzej"]
[Result "1/2-1/2"]
[WhiteElo "2038"]
[BlackElo "1702"]
[PlyCount "43"]
[EventDate "2011.02.24"]
[EventType "tourn (corr)"]
[EventRounds "6"]
[EventCountry "GER"]
[SourceTitle "Telechess CBM 151"]
[Source "ChessBase"]
[SourceDate "2012.11.13"]
[SourceVersion "1"]
[SourceVersionDate "2012.11.13"]
[SourceQuality "1"]

1. e4 e5 2. Nf3 Nc6 3. Bb5 a6 4. Ba4 Nf6 5. 0-0 b5 6. Bb3 Be7 7. Re1 d6 8. c3 0-0 9. h3 Nb8 10. d4 Nbd7 11. Nbd2 Bb7 12. Bc2 Re8 13. Nf1 Bf8 14. Ng3 g6 15. a4 c5 16. Bg5 Qc7 17. Qd2 Bg7 18. d5 c4 19. Bh6 Bxh6 20. Qxh6 Rec8 21. Qg5 Qd8 22. Nf5 1/2-1/2

[Event "CP-2009-Q-00010"]
[Site "LSS email"]
[Date "2011.02.03"]
[Round "?"]
[White "Avdeev, Sergey"]
[Black "Ortiz, Eric"]
[Result "1-0"]
[WhiteElo "2027"]
[BlackElo "2068"]
[PlyCount "65"]
[EventDate "2011.02.05"]
[EventType "tourn (corr)"]
[EventRounds "6"]
[EventCountry "GER"]
[SourceTitle "Telechess CBM 157"]
[Source "ChessBase"]
[SourceDate "2013.11.12"]
[SourceVersion "1"]
[SourceVersionDate "2013.11.12"]
[SourceQuality "1"]

1. e4 c5 2. Nf3 d6 3. d4 cxd4 4. Nxd4 Nf6 5. Nc3 a6 6. Bg5 e6 7. f4 Qb6 8. Qd2 Qxb2 9. Rb1 Qa3 10. e5 dxe5 11. fxe5 Nfd7 12. Ne4 h6 13. Bh4 Qxa2 14. Rd1 Qd5 15. Qe3 Qxe5 16. Be2 Bc5 17. Bg3 Bxd4 18. Rxd4 Qa5+ 19. Rd2 0-0 20. Bd6 Rd8 21. Qg3 Qf5 22. Be5 Qg6 23. Qh4 Nc6 24. Bh5 Qf5 25. Bxg7 Nc5 26. Nxc5 Kxg7 27. Rf1 Qe5+ 28. Ne4 Qa1+ 29. Rd1 Rxd1+ 30. Bxd1 Qe5 31. Rf6 Bd7 32. Qxh6+ Kg8 33. Rf4 1-0

[Event "CP-2009-Q-00010"]
[Site "LSS email"]
[Date "2011.02.03"]
[Round "?"]
[White "Lemanczyk, Thomas"]
[Black "Ortiz, Eric"]
[Result "1/2-1/2"]
[WhiteElo "2271"]
[BlackElo "2068"]
[PlyCount "49"]
[EventDate "2011.02.05"]
[EventType "tourn (corr)"]
[EventRounds "6"]
[EventCountry "GER"]
[SourceTitle "Telechess CBM 155"]
[Source "ChessBase"]
[SourceDate "2013.07.16"]
[SourceVersion "1"]
[SourceVersionDate "2013.07.16"]
[SourceQuality "1"]

1. d4 Nf6 2. Bg5 Ne4 3. Bf4 c5 4. f3 Qa5+ 5. c3 Nf6 6. Nd2 cxd4 7. Nb3 Qb6 8. Qxd4 d6 9. Qxb6 axb6 10. e4 e5 11. Bg5 Be6 12. Nd2 d5 13. Bb5+ Nc6 14. Bxf6 gxf6 15. exd5 Bxd5 16. Nc4 Rg8 17. g3 Be6 18. Nxb6 Rxa2 19. Rxa2 Bxa2 20. b4 Bd6 21. Ne2 Ke7 22. Bc4 Bxc4 23. Nxc4 Ra8 24. Kf2 Bc7 25. b5 1/2-1/2

[Event "CP-2009-Q-00010"]
[Site "LSS email"]
[Date "2011.02.03"]
[Round "?"]
[White "Ortiz, Eric"]
[Black "Koch, Christian"]
[Result "1/2-1/2"]
[WhiteElo "2068"]
[BlackElo "2195"]
[PlyCount "81"]
[EventDate "2011.02.05"]
[EventType "tourn (corr)"]
[EventRounds "6"]
[EventCountry "GER"]
[SourceTitle "Telechess CBM 155"]
[Source "ChessBase"]
[SourceDate "2013.07.16"]
[SourceVersion "1"]
[SourceVersionDate "2013.07.16"]
[SourceQuality "1"]

1. e4 c5 2. Nf3 d6 3. d4 cxd4 4. Nxd4 Nf6 5. Nc3 Nc6 6. Bg5 e6 7. Qd2 a6 8. 0-0-0 Bd7 9. f4 h6 10. Bh4 b5 11. Bxf6 gxf6 12. Kb1 Qb6 13. Nce2 Rc8 14. Qd3 b4 15. Nxc6 Bxc6 16. Nd4 Bb7 17. f5 e5 18. Nb3 a5 19. Qb5+ Qxb5 20. Bxb5+ Ke7 21. Rhe1 Ba8 22. Bf1 a4 23. Na5 h5 24. Nc4 Rc6 25. Rd5 Rxc4 26. Bxc4 Bxd5 27. Bxd5 Bh6 28. Rd1 Rg8 29. g3 Be3 30. Rd3 Bg1 31. h3 Bf2 32. c3 b3 33. Bc6 bxa2+ 34. Kxa2 Rc8 35. Bd5 Rc7 36. g4 hxg4 37. hxg4 Kf8 38. Rh3 Kg7 39. Rh2 Bc5 40. Rh5 Be3 41. Rh2 1/2-1/2

[Event "LSS SA-2010-0-00130"]
[Site "LSS email"]
[Date "2010.05.07"]
[Round "?"]
[White "Kunakov, Oleg"]
[Black "Ortiz, Eric"]
[Result "0-1"]
[WhiteElo "1862"]
[BlackElo "2035"]
[PlyCount "68"]
[EventDate "2010.04.06"]
[EventType "tourn (corr)"]
[EventRounds "6"]
[EventCountry "GER"]
[SourceTitle "Telechess CBM 147"]
[Source "ChessBase"]
[SourceDate "2012.03.16"]
[SourceVersion "1"]
[SourceVersionDate "2012.03.16"]
[SourceQuality "1"]

1. e4 c5 2. Nc3 d6 3. f4 Nc6 4. Nf3 g6 5. Bb5 Bg7 6. 0-0 Bd7 7. d3 Nf6 8. a4 a6 9. Bc4 0-0 10. Be3 Qb6 11. Qc1 Ng4 12. Bd2 e6 13. h3 Nf6 14. Bb3 Nh5 15. Ne2 Rac8 16. g4 Nf6 17. a5 Qd8 18. Kh2 Qe7 19. Ng3 h6 20. Qe1 Rcd8 21. Kg2 Rde8 22. Bc3 e5 23. g5 hxg5 24. fxg5 Nh7 25. h4 Be6 26. Bxe6 Qxe6 27. h5 Nd4 28. Bxd4 exd4 29. Rh1 Be5 30. Rh4 Re7 31. b3 f5 32. exf5 gxf5 33. Qd2 Nxg5 34. Nxg5 Qh6 0-1

[Event "LSS CP-2009-P-00057"]
[Site "LSS email"]
[Date "2009.09.27"]
[Round "?"]
[White "Ortiz, Eric"]
[Black "Dard, Michel"]
[Result "0-1"]
[WhiteElo "1972"]
[BlackElo "2171"]
[PlyCount "48"]
[EventDate "2009.10.01"]
[EventType "tourn (corr)"]
[EventRounds "6"]
[EventCountry "GER"]
[SourceTitle "Telechess CBM 137"]
[Source "ChessBase"]
[SourceDate "2010.07.15"]
[SourceVersion "1"]
[SourceVersionDate "2010.07.15"]
[SourceQuality "1"]

1. e4 e5 2. Nf3 Nc6 3. Bb5 a6 4. Ba4 Nf6 5. 0-0 Nxe4 6. d4 b5 7. Bb3 d5 8. dxe5 Be6 9. c3 Bc5 10. Nbd2 0-0 11. Bc2 Nxf2 12. Rxf2 f6 13. exf6 Bxf2+ 14. Kxf2 Qxf6 15. Kg1 Rae8 16. a4 Ne5 17. axb5 axb5 18. Qf1 Bg4 19. Qf2 Re7 20. Qg3 Qb6+ 21. Nd4 c5 22. N4f3 c4+ 23. Nd4 Nc6 24. Qh4 h6 0-1

[Event "LSS CP-2009-P-00057"]
[Site "LSS email"]
[Date "2009.09.27"]
[Round "?"]
[White "Van Esbroeck, Jeff"]
[Black "Ortiz, Eric"]
[Result "0-1"]
[WhiteElo "1606"]
[BlackElo "1990"]
[PlyCount "100"]
[EventDate "2009.10.01"]
[EventType "tourn (corr)"]
[EventRounds "6"]
[EventCountry "GER"]
[SourceTitle "Corr 2013"]
[Source "ChessBase"]
[SourceDate "2012.11.12"]
[SourceVersion "1"]
[SourceVersionDate "2012.11.12"]
[SourceQuality "1"]
[WhiteTeam "US of America"]
[BlackTeam "US of America"]
[WhiteTeamCountry "USA"]
[BlackTeamCountry "USA"]

1. e4 c5 2. Nf3 d6 3. Nc3 Nf6 4. Bc4 e6 5. 0-0 Be7 6. d4 cxd4 7. Nxd4 a6 8. Be3 Qc7 9. Bb3 0-0 10. Qe2 Nc6 11. h3 Na5 12. Rfd1 b5 13. a3 Rb8 14. Qd3 Rd8 15. Bg5 Nc4 16. Rab1 Bb7 17. Bh4 Rd7 18. Bg3 Rc8 19. Bxc4 Qxc4 20. f3 Qc7 21. Qe3 h6 22. Bh2 Rdd8 23. Qf2 Nd7 24. Bf4 Nb6 25. Qg3 Kh7 26. Be3 Nc4 27. Bf2 Bf6 28. Rd3 d5 29. Qxc7 Rxc7 30. exd5 Bxd5 31. Nxd5 Rxd5 32. f4 Rcd7 33. c3 g5 34. g3 gxf4 35. gxf4 Rf5 36. Bg3 h5 37. h4 Kg6 38. Kh2 Rd8 39. Kh3 a5 40. Bh2 Bxd4 41. cxd4 Kf6 42. b4 a4 43. Bg3 Rfd5 44. Ra1 Rxd4 45. Rc3 Rd3 46. Rac1 Rxc3 47. Rxc3 Rd2 48. Rf3 Ra2 49. Be1 Kf5 50. Kg3 Rxa3 0-1